01149nam a2200193Ia 4500001001000000003001000010008004100020040002500061041001200086100004500098245012100143250001100264260006000275300001200335500023500347501011400582520023500696650002400931L230-5714IT-CnALBA170116s9999||||xx |||||||||||||| ||und|| aIT-CnALBAcIT-CnALBA aLATINO  aDÈ LIGUORI M. ALFONSO, SANTO, DOTTORE. 0aOPERE DEL B. ALFONSO M. DE LIGUORI. CLASSE III. OPERE DOGMATICHE. VOL. VIII. VINDICIAE ADVERSUS FEBRONIUM JUSTINUM.  a1a ed. a TORINO - ROMAbMARIETTI EDITORE c1827 [1° Ed.: n.d.] a178 p.  aSCOPO DELL'OPERA. PROVA DELL'AUTORITÀ SUPREMA DEL ROMANO PONTEFICE ATTRAVERSO IL VANGELO DI MATTEO E GIOVANNI. PROVA DALL'AUTORITÀ DEI SANTI PADRI. SUPREMA AUTORITÀ DELLA CHIESA. RISPOSTA ALLE OBIEZIONI. ERRORI DI FEBRONIO.  aSocietà San Paolo EM - Piazza San Paolo, 14 - 12051 ALBA (CN) (non commercial uses only) ® Copyright 2017 aSCOPO DELL'OPERA. PROVA DELL'AUTORITÀ SUPREMA DEL ROMANO PONTEFICE ATTRAVERSO IL VANGELO DI MATTEO E GIOVANNI. PROVA DALL'AUTORITÀ DEI SANTI PADRI. SUPREMA AUTORITÀ DELLA CHIESA. RISPOSTA ALLE OBIEZIONI. ERRORI DI FEBRONIO.  aDOGMATICA CRISTIANA